000 00770nam a2200205 a 4500
005 20210223121513.0
008 991125s1963 ea 000 0 eng u
035 _aUPN01000018858
049 _aCG
050 4 _aLB1589 E6.1
_bE3.3 LE
100 1 _aEicholz, Robert E.
_930647
245 1 0 _aElementary school mathematics :
_bbook 1 /
_cRobert E. Eicholz ; colab. Emerson Martin ; consulting authors Charles F. Brumfiel, Merrill E. Shanks.
260 _aReading [E.U.A.] :
_bAddison-Wesley,
_c1963.
300 _a312 p. :
_bil. col.
440 0 _aElementary school mathematics series
500 _aLibro de ejercicios
650 4 _aMATEMATICAS -
_xESTUDIO Y ENSEƑANZA (ELEMENTAL) -
_zESTADOS UNIDOS
_925642
700 1 _aMartin, Emerson,
_ecolab.
_929146
905 _aLibro
999 _c18858
_d18858